| 000 | 00333nam a22001337a 4500 | ||
|---|---|---|---|
| 008 | 170911b xxu||||| |||| 00| 0 eng d | ||
| 020 | _a048624895 | ||
| 041 | _aeng | ||
| 080 | _a53 | ||
| 100 | _a43 | ||
| 101 | _aFIZ | ||
| 245 |
_aTHIRTY YEARS THAT SHOOK PHYSICS THE STORY QUANTUM THEORY _cGAMOW.G |
||
| 942 |
_2udc _cBK |
||
| 999 |
_c27215 _d27215 |
||